20 vragen over van alles en nog wat - Quiz 10 - Statistieken

Algemene statistieken
  • Deze quiz is 8 keer genomen
  • De gemiddelde score is 6 van 20
Antwoordstatistieken
Hint Antwoord % Correct
Welk Europese landen met een L bleven neutraal in WO II Letland
71%
Welk Europese landen met een L bleven neutraal in WO II Litouwen
71%
Hoeveel promille alcohol is toegestaan tijdens het rijden 0,5
57%
Welk Europese landen met een L bleven neutraal in WO II Liechtenstein
57%
Noem de oudste nog steeds bestaande politieke partij in NL SGP
57%
Hoeveel is dat ongeveer 2 glazen
43%
Luchtlandingsoffensief van de geallieerden in 1944 bij welke stad Arnhem
43%
Zet de letters in de goede volgorde .....neggninor Groningen
43%
In welke provincie werd vroeger veel steenkool gedolven Limburg
43%
In welke provincie zijn veel hunebedden Drente
29%
Grootste leden partij van Nederland 2025 FVD
29%
Zet de letters in de goede volgorde ..... dairfesln Friesland
14%
Noem de zeven hoofdrivieren in Suriname Marowijne
14%
Schrijf de hele woorden van deze afkorting Staatkundig Gereformeerde Partij
14%
Noem de zeven hoofdrivieren in Suriname Commewijne
0%
Noem de zeven hoofdrivieren in Suriname Coppename
0%
Noem de zeven hoofdrivieren in Suriname Corantijn
0%
Noem de zeven hoofdrivieren in Suriname Saramacca
0%
Noem de zeven hoofdrivieren in Suriname Suriname
0%
Noem de zeven hoofdrivieren in Suriname Tapanahoni
0%
Geen overeenkomende quizzen gevonden
Scoreverdeling
Procent van Mensen met Elke Score
Percentiel versus Aantal Correcte Antwoorden
Uw Scoregeschiedenis
U heeft deze quiz nog niet genomen